000 00640nam a2200193 i 4500
001 34270
003 ES-MaACL
005 20250712032632.0
007 t|
008 030204q1895 sp ||||1| spa d
100 1 _aBlasco Ibáñez, Vicente,
_d1867-1928
_929388
245 1 0 _aFlor de mayo
_b: (novela) /
_cVicente Blasco Ibáñez.
260 _aValencia :
_bF. Sempere,
_c[1895?] (
_fImp. P. Sancho)
300 _a233 p. ;
_c19 cm.
530 _aDisponible en formato digital.
852 _aES-MaACL
_jB-2637
856 _uhttps://bivaldi.gva.es/es/consulta/registro.do?id=7712
_zBiblioteca Valenciana Digital
999 _c34270
_d34270